| 000 | 00813 a2200217 4500 | ||
|---|---|---|---|
| 999 |
_c10398 _d10398 |
||
| 020 | _a9781107634916 | ||
| 050 | _aRC346 CAS 2019 | ||
| 100 |
_a Kneen, Rachel; _eauithor |
||
| 245 |
_aCase studies in neurological infections of adults and children / _cedited by Tom Solomon, Benedict D. Michael, Alastair Miller, Rachel Kneen. |
||
| 264 |
_aCambridge, United Kingdm ; New York, NY : _bCambridge University Press, _c 2019 |
||
| 300 | _axi., 308 pages, 1 online resource | ||
| 440 | _aCase studies in neurology | ||
| 500 | _alncudes index | ||
| 650 | _aNervous system -- Infections -- Case studies. | ||
| 650 | _aNeurology. | ||
| 650 | _aNervous System Diseases -- diagnosis. | ||
| 700 | _aMichael, Benedict D | ||
| 700 | _aMiller, Alastair | ||
| 700 | _aSolomon, Tom, | ||
| 942 |
_2lcc _cBK _h346 _iCAS _kRC |
||